00957nam a2200265 i 45000010005000000030009000050050017000140080039000310150017000700200015000870400028001020800011001300800012001411000090001532450099002432500017003422600071003595040021004305210049004516500034005006550051005348560079005859420012006649990015006768832KOSZ 00520180430142956.0180308s1997 pl f f |000 0 pol aPB 1998/8454 a8387424102 aWA NcWA NdKOSZ 005/HR a657.05 a(075.8)1 aFLADROWSKA, Emilia.bPolitechnika Koszalińska - Instytut Zarządzania i Marketingu10aZbiór zadań do ćwiczeń z rachunkowości zarządczej /cpod red. Emilii Fladrowskiej. aWyd. 2 popr. aKoszalin :bWydaw. Uczelniane Politechniki Koszalińskiej,c1997. aBibliogr. s. 47. aSkrypt Instytutu Zarządzania i Marketingu. 0aRachunkowość zarządcza. 4aĆwiczenia i zadania dla szkół wyższych. uhttp://dlibra.tu.koszalin.pl/dlibra/docmetadata?id=613yBiblioteka Cyfrowa 2UKDcKS c8832d8832